| 000 | 02522cam a2200469 4500 | ||
|---|---|---|---|
| 008 | 090401t1995 xxu||||| |||| 00| 0 eng d | ||
| 020 | _a0854067205 | ||
| 035 | _a(Sirsi) u63211 | ||
| 041 | _aeng | ||
| 050 | _a333.33072 | ||
| 090 | _aRICS 1995/115ABCD | ||
| 110 |
_aRoyal Institution of Chartered Surveyors _94900 |
||
| 245 | _aProceedings of the Cutting Edge property research conference of the Royal Institution of Chartered Surveyors, held on 1-2 September 1995 at the University of Aberdeen. Volume 2: valuation: land use and planning : use. | ||
| 260 |
_aLondon _bRICS _c1995 |
||
| 300 | _a443p. ; 30cm. | ||
| 350 | _a75 | ||
| 520 | _a(Volume 1: ISBN 0854067191). Contents: - The valuation of NHS hospitals under capital charging. - HEALD, D. & SCOTT, D. / Confirmation bias in the valuation process. - GALLIMORE, P. / A spatial analysis of property values. - WYATT, P. / Valuation variance. - HUTCHISON, N., NANTHAKUMARAN, N., MacGREGOR, B., ADAIR, A. & MacGREAL, S. / The quality of valuation reports. - CROSBY, N., NEWELL, G., FRENCH, N., MATYSIAK, G. & RODNEY, B. / Hybrid leisure properties: to value or cost? - SAYCE, S. & CONNELLAN, O. / DCF valuation calculations and presentation in valuation reports. - JEFFERIES, R. / Valuation versus valuation accuracy: the effect of methodology. - HAVARD, T. / Business valuations and business strategy. - COLBORNE, A. / The contribution of upwards-only rent reviews on the capital values of commercial and industrial property in the UK. - CROSBY, N. / The valuation of upward-only rent reviews. - WARD, C. & FRENCH, N. / Towards sustainable real estate appraisals. - DENT, P. / The prob | ||
| 650 | _aPROPERTY-COMMERCIAL PROPERTY | ||
| 650 | _aCONFIRMATION BIAS | ||
| 650 | _aCUTTING EDGE 1995 | ||
| 650 | _aENVIRONMENTAL LAW | ||
| 650 |
_aFACILITIES MANAGEMENT _96240 |
||
| 650 | _aJOINT VENTURE COMPANIES | ||
| 650 |
_aLand use _96251 |
||
| 650 | _aNATIONAL LAND INFORMATION SERVICE | ||
| 650 | _aPLANNING OBLIGATIONS | ||
| 650 | _aPOST-OCCUPANCY EVALUATION | ||
| 650 | _aPROPERTY AUDITS | ||
| 650 | _aPROPERTY DEVELOPMENT | ||
| 650 | _aPROPERTY INVESTMENT | ||
| 650 |
_aProperty management _96262 |
||
| 650 | _aPROPERTY RESEARCH | ||
| 650 |
_aRefurbishment _96264 |
||
| 650 | _aRETAIL PROPERTY MARKET | ||
| 650 | _aSPATIAL ANALYSIS | ||
| 650 | _aUPWARD ONLY RENT REVIEWS | ||
| 650 |
_aValuation _96273 |
||
| 690 | _aPROPERTY LAW AND PRACTICE | ||
| 700 |
_aBrown, Stephen _xEditor |
||
| 942 | _n0 | ||
| 948 | _c04/03/1997 | ||
| 999 |
_c94517 _d94517 |
||